Neolithikus telepek Szentes környékén. (XII. tábla és egy térkép.)

Elmentve itt :
Bibliográfiai részletek
Szerző: Schupiter Elemér
Dokumentumtípus: Cikk
Megjelent: 1931
Sorozat:Dolgozatok a Magyar Királyi Ferencz József Tudományegyetem Archaeologiai Intézetéből 7
Online Access:http://acta.bibl.u-szeged.hu/144
LEADER 00636nab a2200157 i 4500
001 acta144
005 20210616154403.0
008 161015s1931 hu o 0|| hun d
040 |a SZTE Egyetemi Kiadványok Repozitórium  |b hun 
041 |a hun 
100 1 |a Schupiter Elemér 
245 1 0 |a Neolithikus telepek Szentes környékén. (XII. tábla és egy térkép.)  |h [elektronikus dokumentum] /  |c  Schupiter Elemér 
260 |c 1931 
300 |a 54-59 
490 0 |a Dolgozatok a Magyar Királyi Ferencz József Tudományegyetem Archaeologiai Intézetéből  |v 7 
856 4 0 |u http://acta.bibl.u-szeged.hu/144/1/dolgozatok_1931_054-059.pdf  |z Dokumentum-elérés